|
|
|
|
| LEADER |
00956nam a22002537a 4500 |
| 001 |
AAL2359 |
| 003 |
BD-DhAAL |
| 005 |
20160115191046.0 |
| 008 |
160115m19991998ii a|||| b||| 001 0 eng d |
| 020 |
|
|
|a 8175540761
|
| 040 |
|
|
|a BD-DhAAL
|c BD-DhAAL
|
| 082 |
|
|
|a 302.3/5
|
| 100 |
|
|
|a McMillan, Sandy
|9 17382
|
| 245 |
|
|
|a How to be a better communicator /
|c Sandy McMillan
|
| 260 |
|
|
|a New Delhi :
|b Kogan Page,
|c 1996.
|
| 300 |
|
|
|a 128 p. :
|b ill. ;
|c 22 cm.
|
| 504 |
|
|
|6 Includes bibliography and index.
|
| 541 |
|
|
|e 2359
|
| 650 |
|
|
|a Communication in organizations.
|9 17383
|
| 650 |
|
|
|a Social skills.
|9 17384
|
| 650 |
|
|
|a Communication orale
|v Guides, manuels, etc.
|9 17385
|
| 942 |
|
|
|2 ddc
|c BK
|
| 999 |
|
|
|c 36618
|d 36618
|
| 952 |
|
|
|0 0
|1 0
|2 ddc
|4 0
|6 302_300000000000000_5_MCM
|7 0
|9 57610
|a SCL
|b SCL
|c GEN
|d 2016-01-15
|g 150.00
|l 1
|m 7
|o 302.35 MCM
|p 3020002359
|r 2017-11-28
|s 2017-09-24
|t 1
|w 2016-01-15
|y BK
|x 'The mentioned price is BDT conversion, actual price was RS125'
|